000 00471cam a2200181ua 4500
001 5658
005 20260515113922.0
008 131007n ii |||gr||||Z||||||eng
040 _cMAIN
082 _a954.162
245 _aComprehensive History of Assam :
_bVol i /
260 _aGuwahati:
_bPublication Board Assam,
_c1990.
300 _axxi,507p.
653 _aHistory
653 _aComprehensive History of Assam
700 _aBarpuzari,H.K.,
_eEditor.
942 _cBK
999 _c4813
_d4813